000
00314nam a2200133Ia 4500
005
20251222153622.0
008
251222s9999||||xx |||||||||||||| ||spa||
082
_a
869.509.2/B25
100
_a
Bazan Vera, Blasco
245
0
_a
Literatura LiberteƱa
250
_a
1ra.ed.
264
_b
El Ovalo S.A.
942
_c
LIB
999
_c
32019
_d
32019